| 000 | 00597nam a2200205 a 4500 | ||
|---|---|---|---|
| 005 | 20140310183449.0 | ||
| 008 | 081217s19uu xx 00 eng d | ||
| 020 | _a0132331055 | ||
| 050 |
_aHF 5387 _b.B6 2007 |
||
| 100 | _aBoatright, John R. | ||
| 245 |
_aEthics and the conduct of business / _cJohn R. Boatright |
||
| 250 | _a5th ed. | ||
| 260 |
_aNew Jersey : _bPearson Education International, _c2007. |
||
| 300 |
_a451 p. : _bill. ; _c24 cm. |
||
| 521 | _aBSBA | ||
| 650 | _aBusiness ethics. | ||
| 650 | _aSocial responsibility of business. | ||
| 942 |
_cBK _2lcc _kFOR |
||
| 999 |
_c23337 _d23337 |
||